00438nam a22001697a 4500003000400000005001700004008004100021040001100062041000800073082001700081100001600098245008900114250001200203260002800215300000800243650001700251OSt20241121113358.0241121b |||||||| |||| 00| 0 eng d cMRSPTU aENG a307.12bHA-C aHall, Peter aCities of Tomorrow : An intellectual History of Urban Planning and Design Since 1880 a4th Ed. aU.K.bJohn Wiley c2014 a624 aArchitecture